<?xml version="1.0" encoding="UTF-8"?>
<collection xmlns="http://www.loc.gov/MARC21/slim">
 <record>
  <leader>00614pamaa2200193   4500</leader>
  <controlfield tag="001">0000036671</controlfield>
  <controlfield tag="005">20151022090000.0</controlfield>
  <datafield tag="020" ind1="0" ind2="0">
   <subfield code="a">9679788652 (pbk) </subfield>
  </datafield>
  <datafield tag="082" ind1=" " ind2=" ">
   <subfield code="a">595.5106 MOH 2003</subfield>
  </datafield>
  <datafield tag="090" ind1="0" ind2="0">
   <subfield code="a">DS597.058 </subfield>
   <subfield code="b">MOH 2003</subfield>
  </datafield>
  <datafield tag="100" ind1="1" ind2="0">
   <subfield code="a">MOHAMED ABID </subfield>
  </datafield>
  <datafield tag="245" ind1="1" ind2="0">
   <subfield code="a">Reflections of pre-independence Malaya  </subfield>
   <subfield code="c">Mohamed Abid.</subfield>
  </datafield>
  <datafield tag="260" ind1="0" ind2="0">
   <subfield code="a">Subang Jaya: </subfield>
   <subfield code="b">Pelanduk Publications, </subfield>
   <subfield code="c">2003.</subfield>
  </datafield>
  <datafield tag="300" ind1=" " ind2=" ">
   <subfield code="a">xix, 196p.: </subfield>
   <subfield code="b">col.ill.; </subfield>
   <subfield code="c">22cm.</subfield>
  </datafield>
  <datafield tag="501" ind1="0" ind2="0">
   <subfield code="a">LAN</subfield>
  </datafield>
  <datafield tag="504" ind1="0" ind2="0">
   <subfield code="a">Includes index</subfield>
  </datafield>
  <datafield tag="650" ind1="0" ind2="0">
   <subfield code="a">Onn Jaffar, Dato -- </subfield>
   <subfield code="y">1895-1962 </subfield>
  </datafield>
  <datafield tag="650" ind1="0" ind2="0">
   <subfield code="a">Malay -- </subfield>
   <subfield code="x">History -- </subfield>
   <subfield code="y">1946-1957 </subfield>
  </datafield>
  <datafield tag="650" ind1="0" ind2="0">
   <subfield code="a">Malaya -- </subfield>
   <subfield code="x">Politics and government -- </subfield>
   <subfield code="y">1946-1957 </subfield>
  </datafield>
 </record>
</collection>
